[Event "Autumn I"]
[Site "Alushta UKR"]
[Date "2002.09.23"]
[Round "12"]
[White "Nikitin,An"]
[Black "Kaiumov,D"]
[Result "1/2-1/2"]
[WhiteElo "2471"]
[BlackElo "2460"]

1.d4 Nf6 2.c4 e6 3.Nf3 b6 4.g3 Ba6 5.Qb3 c6 6.Bg2 Be7 7.Nc3 d5 8.cxd5 cxd5
9.Qa4+ Qd7 10.Qxd7+ Nbxd7 11.Bf4  1/2-1/2

[Event "Autumn I"]
[Site "Alushta UKR"]
[Date "2002.09.24"]
[Round "14"]
[White "Selin,O"]
[Black "Kaiumov,D"]
[Result "1/2-1/2"]
[WhiteElo "2432"]
[BlackElo "2460"]

1.d4 Nf6 2.c4 e6 3.Nf3 b6 4.g3 Ba6 5.b3 Bb4+ 6.Bd2 Be7 7.Bg2 c6 8.Bc3 d5
9.Ne5 Nfd7 10.Nxd7 Nxd7 11.Nd2 O-O 12.O-O Nf6 13.e4 b5 14.Re1 dxe4 15.Nxe4 Nxe4
16.Bxe4 bxc4 17.Qe2 Rb8 18.bxc4 Bb4 19.Qd3 Bxc3 20.Qxc3 Qf6 21.Rac1 Bb7  1/2-1/2

[Event "Autumn III"]
[Site "Alushta UKR"]
[Date "2002.09.30"]
[Round "5"]
[White "Shtyrenkov,V"]
[Black "Kaiumov,D"]
[Result "1/2-1/2"]
[WhiteElo "2457"]
[BlackElo "2460"]

1.d4 Nf6 2.c4 e6 3.Nf3 b6 4.g3 Ba6 5.Qa4 Be7 6.Bg2 O-O 7.Ne5 c6 8.Nc3 Qe8
9.O-O d5 10.Bf4 b5 11.cxb5 cxb5 12.Qc2 b4 13.Na4 Bxe2 14.Qxe2 Qxa4 15.Rfc1 Qe8
16.Bf1 a5 17.f3 Ra7 18.Rc2 Rb7 19.b3 Qd8 20.Rac1 Qb6 21.Be3 Ne8 22.Nc6 Bf6
23.Kg2 Nd7 24.Qa6 Nd6 25.g4 Qxa6 26.Bxa6 Rb6 27.Bd3 g5 28.Nxa5 Ra8 29.Nc6 Nb8
30.Ne5 Kg7 31.h4 h6 32.hxg5 Bxg5 33.f4 Bd8 34.Kf3 f6 35.Nc6 Nxc6 36.Rxc6 Rxc6
37.Rxc6 Be7 38.Rc2 f5 39.Rc7 Kf7 40.Bd2 Rb8 41.g5 Rb7 42.Rxb7 Nxb7 43.gxh6 Kg6
44.Ke2 Kxh6 45.Kd1 Nd8 46.Bb5 Kh5 47.Ke2 Bd6 48.Kf3  1/2-1/2

[Event "7th ECCW"]
[Site "Antalya TUR"]
[Date "2002.09.30"]
[Round "2"]
[White "Zhukova,N"]
[Black "Bojkovic,N"]
[Result "1-0"]
[WhiteElo "2425"]
[BlackElo "2424"]

1.d4 Nf6 2.c4 e6 3.Nf3 b6 4.g3 Ba6 5.Nbd2 Bb4 6.Qc2 O-O 7.Bg2 d5 8.O-O c5
9.dxc5 Bxc5 10.Ne5 Qc7 11.Nd3 b5 12.b3 Rc8 13.Bb2 Nbd7 14.b4 bxc4 15.Nxc5 Nxc5
16.bxc5 Qxc5 17.Qc3 Rab8 18.Nf3 Rb7 19.Rac1 Rcb8 20.Ba1 Qb5 21.e4 dxe4 22.Nd2 Qb4
23.Nxe4 Qxc3 24.Bxc3 Nxe4 25.Bxe4 Rd7 26.Rfd1 Rbd8 27.Rxd7 Rxd7 28.Kf1 f5
29.Bg2 Kf7 30.Ke1 Rd6 31.Bb4 Rd7 32.f4 e5 33.fxe5 Ke6 34.Bd6 g5 35.Kd2 Rf7
36.Kc3 Bb7 37.Bxb7 Rxb7 38.Rc2 f4 39.gxf4 gxf4 40.Kxc4 Rg7 41.Kd3 Kd5 42.Rc5+ Ke6
43.Rc7 Rg2 44.Ke4 Re2+ 45.Kxf4 Rxh2 46.Re7+ Kd5 47.Rxa7 h5 48.a3  1-0

[Event "7th ECCW"]
[Site "Antalya TUR"]
[Date "2002.10.03"]
[Round "5"]
[White "Maric,A"]
[Black "Bojkovic,N"]
[Result "1/2-1/2"]
[WhiteElo "2450"]
[BlackElo "2424"]

1.d4 Nf6 2.c4 e6 3.Nf3 b6 4.g3 Ba6 5.Qa4 Bb7 6.Bg2 c5 7.dxc5 Bxc5 8.O-O O-O
9.Nc3 Be7 10.Bf4 Qc8 11.Nb5 Bc6 12.Qd1 Ne8 13.Rc1 Na6 14.a3 Nac7 15.b4 a6
16.Nxc7 Nxc7 17.Qd4 Rb8 18.e4 a5 19.Bd2 axb4 20.axb4 d6 21.Ne1 Rd8 22.Nc2 Ne8
23.Qe3 Nf6 24.Nd4 Ba8 25.Rfd1 Qb7 26.f3 Nd7 27.Nb5 Rbc8 28.Qe2 Qb8 29.Be3 Bc6
30.Nd4 Bb7 31.Rc2 h6 32.Bf1 Ba8 33.Qf2 Ne5 34.Nb5 Rc6 35.Be2 Rdc8 36.Nd4 R6c7
37.Nb5 Rc6 38.Nd4 R6c7 39.Nb5  1/2-1/2

[Event "Najdorf Mem Great Final"]
[Site "Buenos Aires ARG"]
[Date "2002.10.06"]
[Round "3.3"]
[White "Sorin,A"]
[Black "Zarnicki,P"]
[Result "1-0"]
[WhiteElo "2512"]
[BlackElo "2499"]

1.d4 Nf6 2.c4 e6 3.Nf3 b6 4.g3 Ba6 5.Nbd2 Bb4 6.Qc2 c5 7.Bg2 Nc6 8.dxc5 Bxc5
9.O-O O-O 10.a3 Rc8 11.b4 Nd4 12.Qd3 Nxf3+ 13.Bxf3 d5 14.bxc5 Rxc5 15.Bb2 dxc4
16.Qxd8 Rxd8 17.Bxf6 gxf6 18.Ne4 Rc7 19.Nxf6+ Kg7 20.Ng4 c3 21.Rfc1 Rd2 22.Kf1 Bb5
23.a4 Be8 24.Ra3 c2 25.Ne3 f5 26.Ke1 Rd4 27.Rxc2 Rxc2 28.Nxc2 Rc4 29.Ne3 Rxa4
30.Rxa4 Bxa4 31.Kd2 Kf6 32.Kc3 Bd7 33.Bb7 e5 34.f4 Ke6 35.Bd5+ Kd6 36.Bg8 exf4
37.gxf4 Kc5 38.Bxh7 b5 39.Bxf5 b4+ 40.Kb2 Be8 41.Be6 a5 42.f5 Kd4 43.Nc4 a4
44.f6 a3+ 45.Nxa3 bxa3+ 46.Kxa3 Ke3 47.f7 Bxf7 48.Bxf7 Kxe2 49.h4  1-0

[Event "Najdorf Mem Great Final"]
[Site "Buenos Aires ARG"]
[Date "2002.10.07"]
[Round "4.4"]
[White "Sorin,A"]
[Black "Slipak,S"]
[Result "1-0"]
[WhiteElo "2512"]
[BlackElo "2498"]

1.d4 Nf6 2.c4 e6 3.Nf3 b6 4.g3 Ba6 5.Qa4 Be7 6.Bg2 O-O 7.Nc3 c6 8.Bf4 Bb7
9.e4 d5 10.exd5 cxd5 11.Ne5 Qc8 12.cxd5 Nxd5 13.Nxd5 Bxd5 14.Bxd5 exd5 15.Rc1 Qa6
16.Qxa6 Nxa6 17.Nc6 Rfe8 18.Kd2 Bf8 19.a3 f6 20.h4 Kf7 21.b4 b5 22.Rhe1 g6
23.Rxe8 Kxe8 24.Kd3 Kd7 25.Rc2 Nc7 26.Nb8+ Rxb8 27.Rxc7+ Ke8 28.Rxh7 Ra8
29.Rb7 a5 30.Rxb5 axb4 31.axb4 Ra3+ 32.Ke2 Rb3 33.Bd2 Rb2 34.Kd3 Kd7 35.Rxd5+ Kc6
36.Rd8 Bxb4 37.Bxb4 Rxb4 38.Rg8 Kd5 39.Rxg6 Rxd4+ 40.Ke3 Re4+ 41.Kf3 f5 42.h5 Ke5
43.h6 Re1 44.Kg2 f4 45.h7 f3+ 46.Kh2  1-0

[Event "Najdorf Mem Great Final"]
[Site "Buenos Aires ARG"]
[Date "2002.10.07"]
[Round "4.6"]
[White "Sorin,A"]
[Black "Slipak,S"]
[Result "1-0"]
[WhiteElo "2512"]
[BlackElo "2498"]

1.d4 Nf6 2.c4 e6 3.Nf3 b6 4.g3 Ba6 5.Qa4 Be7 6.Bg2 c6 7.Bf4 Bb7 8.Nc3 d5
9.Ne5 O-O 10.O-O Nfd7 11.Nd3 dxc4 12.Qxc4 Qc8 13.Rfd1 Na6 14.Rac1 Nf6 15.e4 Rd8
16.Ne2 Qd7 17.Ne5 Qe8 18.Nxc6 Bxc6 19.Qxc6 Qxc6 20.Rxc6 Rac8 21.Rxc8 Rxc8
22.Nc3 Nc7 23.d5 exd5 24.exd5 Bb4 25.Bh3 Bxc3 26.Bxc8 Nb5 27.bxc3 Nxc3 28.Rd3 Nfxd5
29.Bd2  1-0

[Event "1st Yemen Open"]
[Site "Sanaa YEM"]
[Date "2002.10.08"]
[Round "2"]
[White "Abdul Moula,S"]
[Black "Ahmed,Es"]
[Result "1-0"]
[WhiteElo "2196"]
[BlackElo "2394"]

1.d4 Nf6 2.c4 e6 3.Nf3 b6 4.g3 Ba6 5.b3 Bb4+ 6.Bd2 Be7 7.Bg2 d5 8.O-O c6
9.Bc3 Nbd7 10.Nbd2 Rc8 11.Rc1 O-O 12.Re1 c5 13.cxd5 Nxd5 14.Bb2 b5 15.dxc5 Nxc5
16.Nd4 Bg5 17.h4 Be7 18.Ne4 Qb6 19.e3 Nxe4 20.Bxe4 Bb7 21.Bg2 Rxc1 22.Qxc1 Nb4
23.Qb1 Bxg2 24.Kxg2 Rd8 25.a3 Nd5 26.Rc1 Bf8 27.Qc2 e5 28.Nc6 Re8 29.Nxe5 f6
30.Nd7 Qb7 31.Qc6 Qxc6 32.Rxc6 Be7 33.Nc5 Rd8 34.Bd4 Kf7 35.b4  1-0

[Event "10th Chigorin Mem"]
[Site "St Petersburg RUS"]
[Date "2002.10.27"]
[Round "3"]
[White "Ionov,S"]
[Black "Kochyev,A"]
[Result "1/2-1/2"]
[WhiteElo "2538"]
[BlackElo "2415"]

1.d4 Nf6 2.c4 e6 3.Nf3 b6 4.g3 Ba6 5.Nbd2 Bb7 6.Bg2 Be7 7.O-O O-O 8.Re1 d5
9.cxd5 exd5 10.b3 Na6 11.Bb2 Re8 12.Ne5 c5 13.dxc5 Nxc5 14.Rc1 Rc8 15.Ndf3 Nce4
16.Bh3 Bc5 17.Nd3 Rc7 18.Be5 Bd6 19.Rxc7 Qxc7 20.Bxd6 Qxd6 21.Qa1 Ba6 22.Qb2 Bxd3
23.exd3 Nc5 24.Rxe8+ Nxe8  1/2-1/2

[Event "Olympiad"]
[Site "Bled SLO"]
[Date "2002.10.28"]
[Round "3"]
[White "Valenzuela Fuentealba,L"]
[Black "Dao Thien Hai"]
[Result "1/2-1/2"]
[WhiteElo "2423"]
[BlackElo "2547"]

1.d4 Nf6 2.c4 e6 3.Nf3 b6 4.g3 Ba6 5.b3 Bb4+ 6.Bd2 Be7 7.Bg2 c6 8.Bc3 O-O
9.O-O d5 10.Nbd2 Nbd7 11.Re1 Rc8 12.e4 Nxe4 13.Nxe4 dxe4 14.Rxe4 Bb7  1/2-1/2

[Event "Open"]
[Site "Le Touquet FRA"]
[Date "2002.10.28"]
[Round "3"]
[White "Philippe,C"]
[Black "Dgebuadze,A"]
[Result "1/2-1/2"]
[WhiteElo "2313"]
[BlackElo "2537"]

1.d4 Nf6 2.c4 e6 3.Nf3 b6 4.g3 Ba6 5.b3 d5 6.Bg2 Be7 7.O-O O-O 8.Nbd2 Bb7
9.Bb2 Na6 10.Rc1 c5 11.a3 Rc8 12.e3 dxc4 13.Nxc4 b5 14.Nce5 Bd5 15.Qd3 Qb6
16.Ng5 g6  1/2-1/2

[Event "Olympiad w"]
[Site "Bled SLO"]
[Date "2002.11.02"]
[Round "8"]
[White "Zhukova,N"]
[Black "Hunt,H"]
[Result "1-0"]
[WhiteElo "2436"]
[BlackElo "2406"]

1.d4 Nf6 2.c4 e6 3.Nf3 b6 4.g3 Ba6 5.Nbd2 Bb7 6.Bg2 c5 7.e4 cxd4 8.O-O d6
9.Nxd4 Nbd7 10.Re1 Qc7 11.a4 a6 12.b4 g6 13.Bb2 Bg7 14.a5 bxa5 15.Rxa5 O-O
16.Qa1 e5 17.Nc2 Bh6 18.Ne3 Ng4 19.Bh3 Nxe3 20.fxe3 f5 21.c5 dxc5 22.bxc5 Rf7
23.Nc4 Nxc5 24.Bxe5 Qc6 25.Nd6 Nb3 26.Qa2 Qb6 27.Nxf7 Bxe3+ 28.Kf1 Bxe4 29.Rd1 Kxf7
30.Bg2 Re8 31.Bxe4 fxe4 32.Kg2 g5 33.Rxa6 Qb5 34.Rb1 Bd2 35.Rf6+ Kg7 36.Qa7+  1-0

[Event "10th Chigorin Mem"]
[Site "St Petersburg RUS"]
[Date "2002.11.03"]
[Round "9"]
[White "Tunik,G"]
[Black "Sorokin,M"]
[Result "0-1"]
[WhiteElo "2503"]
[BlackElo "2531"]

1.d4 Nf6 2.c4 e6 3.Nf3 b6 4.g3 Ba6 5.b3 b5 6.cxb5 Bxb5 7.Bg2 a5 8.O-O d5
9.Nc3 Ba6 10.Qc2 Nbd7 11.Rd1 Bb4 12.Bb2 O-O 13.a3 Be7 14.e4 Nxe4 15.Nxe4 dxe4
16.Qxe4 Nf6 17.Qc6 Ra7 18.Ne5 Bb7 19.Qc4 Bxg2 20.Kxg2 Qd5+ 21.Qxd5 Nxd5 22.Nc6 Ra6
23.Rac1 Bd6 24.Rc4 Rfa8 25.Rd3 Rb6 26.Bc1 f6 27.Bd2 Bxa3 28.Rc2 Bb4 29.Nxb4 axb4
30.g4 g5 31.h4 h6 32.hxg5 hxg5 33.Rh3 Ra1 34.Kf3 Rba6 35.Ke2 Rg1 36.Rg3 Rxg3
37.fxg3 Ra3 38.Rb2 Ra1 39.Be1 Kf7 40.Bd2 Rh1 41.Kf3 Ke8 42.Ke2 Kd7 43.Kf3 Rh2
44.Bc1 Rxb2 45.Bxb2 Nc3 46.Bc1 Kd6 47.Ke3 Kd5 48.Bd2 e5 49.dxe5 Kxe5 50.Kd3 Kd5
51.Be1 Na2 52.Bd2 c5 53.Be3 Nc3 54.Bd2 Ne4 55.Be1 Nd6  0-1

[Event "Olympiad"]
[Site "Bled SLO"]
[Date "2002.11.07"]
[Round "12"]
[White "Kaabi,M"]
[Black "Solomon,K"]
[Result "0-1"]
[WhiteElo "2383"]
[BlackElo "2331"]

1.d4 Nf6 2.c4 e6 3.Nf3 b6 4.g3 Ba6 5.Qa4 Bb7 6.Bg2 c5 7.dxc5 Bxc5 8.O-O O-O
9.Nc3 Na6 10.Bf4 Be7 11.Rad1 Nc5 12.Qc2 Qc8 13.Nb5 Nce4 14.Qc1 a6 15.Nd6 Nxd6
16.Bxd6 Bxd6 17.Rxd6 b5 18.cxb5 axb5 19.a3 Bd5 20.Qc3 Qc7 21.Qxc7 Rfc8 22.Nd4 Bxg2
23.Kxg2 Rab8 24.Rd1 Rxc7 25.Ra6 Kf8 26.Ra5 Rc5 27.Rd2 Ne4 28.Rd3 Rd5 29.b4 Nd6
30.Nb3 Rxd3 31.exd3 Rb7 32.Nc5 Rc7 33.h4 Ke7 34.Kf3 h5 35.Ra8 Nf5 36.Ke2 d6
37.Ne4 Nd4+ 38.Kf1 f5 39.Ng5 Kf6 40.Rf8+ Kg6 41.Re8 Kf6 42.Rf8+ Kg6 43.Re8 e5
44.Kg2 Kf6 45.Rf8+ Ke7 46.Rh8 Ra7 47.Rxh5 Rxa3 48.Rh8 Rxd3 49.Rg8 Kf6 50.Rf8+ Kg6
51.Rb8 Kf6 52.Rb6 Ne6 53.Nxe6 Kxe6 54.Rxb5 g6 55.Rb7 e4 56.b5 Rb3 57.Rg7 Kf6
58.Rd7 Ke6 59.Rg7 Rxb5 60.Rxg6+ Ke7 61.h5 Rb8 62.Kh3 Rd8 63.Kh4 d5 64.h6 d4
65.h7 Rh8 66.Rg7+ Kf6 67.Rd7 d3 68.g4 Ke6 69.Ra7 d2 70.gxf5+ Kxf5 71.Ra1 Ke5  0-1

[Event "Olympiad"]
[Site "Bled SLO"]
[Date "2002.11.07"]
[Round "12"]
[White "Alzate,D"]
[Black "Podlesnik,B"]
[Result "1-0"]
[WhiteElo "2432"]
[BlackElo "2385"]

1.d4 Nf6 2.Nf3 e6 3.c4 b6 4.g3 Ba6 5.b3 d5 6.cxd5 exd5 7.Bg2 Bb4+ 8.Bd2 Bxd2+
9.Nbxd2 Qe7 10.Ne5 Qb4 11.Nf3 Qe7 12.Ne5 Qb4 13.e3 O-O 14.Qc2 Qd6 15.Nd3 Nbd7
16.O-O c5 17.Rac1 Rac8 18.Qb1 cxd4 19.exd4 Ne4 20.Nxe4 dxe4 21.Bxe4 Qxd4
22.Rfe1 Rxc1 23.Nxc1 Nf6 24.Bf3 Ng4 25.Qc2 Ne5 26.Bg2 Rc8 27.Qe4 Rxc1 28.Rxc1  1-0

[Event "TCh-FIN 2002-3"]
[Site "Finland FIN"]
[Date "2002.11.16"]
[Round "4"]
[White "Vooremaa,A"]
[Black "Solozhenkin,E"]
[Result "0-1"]
[WhiteElo "2284"]
[BlackElo "2506"]

1.d4 Nf6 2.c4 e6 3.Nf3 b6 4.g3 Ba6 5.b3 Bb4+ 6.Bd2 Be7 7.Bg2 c6 8.O-O d5
9.cxd5 cxd5 10.Bc3 O-O 11.Bb2 Nc6 12.Nc3 Rc8 13.Ne1 Bd6 14.Nc2 Qe7 15.Qd2 Rc7
16.Rfc1 Rfc8 17.e4 dxe4 18.Nxe4 Nxe4 19.Bxe4 Nb4 20.Nxb4 Bxb4 21.Qf4 Rxc1+
22.Rxc1 Rxc1+ 23.Qxc1 Bb7 24.Bxb7 Qxb7 25.Ba3 Bxa3 26.Qxa3 Qd7 27.Qb4 g6
28.Qc4 Kg7 29.h4 Kf6 30.Kg2 Qb7+ 31.f3 h5 32.Qb5 Ke7 33.Kf2 Qd7 34.Qc4 Qd6
35.b4 Kd7 36.b5 Ke7 37.a4 Kf8 38.Kg2 Qa3 39.Qc8+ Kg7 40.Qc4 Qb2+ 41.Kf1 Qd2
42.Kg1 Qe1+ 43.Kg2 Qe3 44.Qc7 Qe2+ 45.Kg1 Qxf3 46.Qxa7 Qxg3+ 47.Kf1 Qf4+
48.Ke2 Qe4+ 49.Kf1 Qh1+ 50.Ke2 Qxh4 51.Qxb6 Qg4+ 52.Kd3 Qd1+ 53.Ke4 Qe2+
54.Kf4 g5+  0-1

[Event "40th Ann Open"]
[Site "Curacao AHO"]
[Date "2002.11.26"]
[Round "8"]
[White "Belakovskaia,A"]
[Black "Ligterink,G"]
[Result "0-1"]
[WhiteElo "2270"]
[BlackElo "2401"]

1.d4 Nf6 2.c4 e6 3.Nf3 b6 4.g3 Ba6 5.b3 Bb4+ 6.Bd2 Be7 7.Bg2 c6 8.Bc3 d5
9.Ne5 Nfd7 10.Nxd7 Nxd7 11.Nd2 O-O 12.O-O Rb8 13.e4 b5 14.Re1 bxc4 15.bxc4 dxc4
16.Qa4 Bb5 17.Qc2 Ba3 18.Nxc4 Bxc4 19.Qa4 Bb2 20.Bxb2 Rxb2 21.Qxc4 Qb6 22.Rad1 e5
23.Re3 Rb4 24.Qc1 exd4 25.Rf3 Re8 26.Rf5 g6 27.Rf4 c5 28.Rh4 Rb2 29.Bf1 Ne5
30.Kg2 h5 31.Bc4 Qb4 32.Bd5 d3 33.Qg5 Qd4 34.Rf4 Rf8 35.h3 Rb6 36.g4 h4 37.Qxh4 Kg7
38.g5 Rh8 39.Qg3 c4 40.Rf6 Rxf6 41.gxf6+ Kxf6 42.f4 Nd7 43.Qg5+ Kg7 44.Qe7 Rf8
45.Qxd7 c3 46.Qc6 c2 47.Rd2 Qb2 48.e5 c1=Q 49.Qf6+ Kh7 50.Rxb2 Qxb2+ 51.Kg3 Qb6
52.Qxb6 axb6 53.Kf2 d2 54.Bb3 Kg7 55.Ke2 Rd8 56.Kd1 Rd4 57.e6 fxe6 58.Bxe6 Kf6
59.Bg4 Rxf4 60.Kxd2 Ra4  0-1

[Event "ch-ISR"]
[Site "Tel Aviv ISR"]
[Date "2002.12.01"]
[Round "7"]
[White "Lerner,K"]
[Black "Gershon,A"]
[Result "1-0"]
[WhiteElo "2504"]
[BlackElo "2562"]

1.d4 Nf6 2.Nf3 e6 3.c4 b6 4.g3 Ba6 5.b3 Bb4+ 6.Bd2 Be7 7.Bg2 c6 8.Bc3 d5
9.Nbd2 O-O 10.Ne5 Nfd7 11.Nd3 Nf6 12.e4 dxe4 13.Nxe4 Bb7 14.Ne5 Qc7 15.Qf3 Nbd7
16.Nxf6+ Bxf6 17.Ng4 Be7 18.O-O f5 19.Ne3 Bf6 20.Rac1 Rad8 21.Qe2 Nb8 22.Rfd1 g6
23.Qb2 Qg7 24.b4 Rf7 25.Qb3 Bxd4 26.c5 e5 27.Nc4 Kf8 28.Nd6 Re7 29.Bxd4 exd4
30.Rc4 d3 31.Rcc1 bxc5 32.bxc5 Ba6 33.Bf1 Nd7 34.Qa3 d2 35.Rxd2 Bxf1 36.Kxf1 Qh6
37.f4 Qh3+ 38.Kg1 h5 39.Qb2 Kg8 40.Re2 Rg7 41.Rce1 Qg4 42.Re7 Rxe7 43.Rxe7 Qd1+
44.Kg2  1-0

[Event "ch-ISR"]
[Site "Tel Aviv ISR"]
[Date "2002.12.02"]
[Round "8"]
[White "Roiz,M"]
[Black "Lerner,K"]
[Result "1-0"]
[WhiteElo "2512"]
[BlackElo "2504"]

1.d4 Nf6 2.Nf3 e6 3.c4 b6 4.g3 Ba6 5.Nbd2 Bb4 6.Qc2 Bb7 7.Bg2 c5 8.dxc5 Bxc5
9.a3 Qc7 10.O-O Be7 11.b4 a5 12.b5 d5 13.Bb2 Nbd7 14.Rac1 Rc8 15.Qb1 Bc5
16.cxd5 Bxd5 17.e4 Bb7 18.e5 Nd5 19.Ne4 Qd8 20.Nfd2 O-O 21.Nc4 Rc7 22.Ncd6 Ba8
23.Nxc5 Nxc5 24.Bd4 Nd7 25.Rxc7 Qxc7 26.Rc1 Qb8 27.f4 Rd8 28.Qc2 Ne7 29.Qc7 Bxg2
30.Qxb8 Rxb8 31.Rc7 Rd8 32.Kxg2 Nd5 33.Rb7 f5 34.Kf3 h6 35.g4 fxg4+ 36.Kxg4 g6
37.Ne4 Rf8 38.Nf6+ N7xf6+ 39.exf6 Rf7 40.Rb8+ Rf8 41.Rb7 Rf7 42.Rb8+ Rf8
43.Rxf8+ Kxf8 44.a4 Kf7 45.Kf3 g5 46.fxg5 hxg5 47.Kg4 Nxf6+ 48.Kxg5 Nd7 49.h4 e5
50.Be3 Nf6 51.Bxb6 Ne4+ 52.Kf5 Nd6+ 53.Kg4 Nc4 54.Bc7 Ke6 55.h5 e4 56.h6 e3
57.h7 e2 58.Bxa5 Ne5+ 59.Kg3 Ng6 60.Kf2  1-0

[Event "Baharov Mem"]
[Site "Borovec BUL"]
[Date "2002.12.04"]
[Round "5"]
[White "Kukov,V"]
[Black "Dragiev,V"]
[Result "1/2-1/2"]
[WhiteElo "2230"]
[BlackElo "2455"]

1.d4 Nf6 2.Nf3 e6 3.c4 b6 4.g3 Ba6 5.Qc2 c5 6.Bg2 Bb7 7.O-O Be7 8.b3 O-O
9.Bb2 Nc6 10.Nbd2 Rc8 11.Rac1 cxd4 12.Nxd4 Nxd4 13.Bxd4 Bxg2 14.Kxg2 d5 15.Qb2 Qd7
16.Rfd1 Rfd8 17.Nf3 Qb7 18.cxd5 Rxd5 19.Rxc8+ Qxc8 20.Rc1 Qd8 21.Qc3 Bc5
22.Bxc5 Rxc5 23.Qb2 Qc7 24.Rxc5 Qxc5 25.Qd4 Qxd4 26.Nxd4 Kf8 27.Kf3 a6 28.e4 Ke8
29.Nc6 Nd7 30.Ke3 e5 31.Nb4 Nc5 32.Nd5 b5 33.b4 Ne6 34.f4 Kd7 35.fxe5 Kc6
36.Nf4 Kd7 37.h4 Kc6 38.Ne2 Kd7 39.Nf4 Kc6 40.Nh3 h6 41.Nf4 Kd7 42.Nd5 Nd8
43.Kd4 Ne6+ 44.Kd3 Nd8 45.Kd4 Ne6+ 46.Kd3 Nd8 47.Kd4 Ne6+ 48.Ke3 Nd8 49.Kd4  1/2-1/2

[Event "Friendship A"]
[Site "Roznov CZE"]
[Date "2002.12.06"]
[Round "1"]
[White "Bernasek,J"]
[Black "Dydyshko,V"]
[Result "0-1"]
[WhiteElo "2422"]
[BlackElo "2539"]

1.d4 Nf6 2.c4 e6 3.Nf3 b6 4.g3 Ba6 5.Qb3 d5 6.cxd5 Qxd5 7.Qc2 Nc6 8.Nc3 Nb4
9.Qd1 Qf5 10.e4 Qa5 11.Be2 Nxe4 12.O-O Nf6 13.Ne5 Bd6 14.a3 Bxe2 15.Qxe2 Nbd5
16.Bg5 Nxc3 17.bxc3 Qxc3 18.Bxf6 gxf6 19.Qe4 Rd8 20.Rfc1 Qb3 21.Ng4 f5 22.Nf6+ Kf8
23.Qh4 h6 24.Nh7+ Ke8 25.Qxh6 Kd7 26.Qg7 Kc8 27.Nf6 Rhf8 28.Nh7 Rfe8 29.Qxf7 Re7
30.Qg6 Qa4 31.Ng5 Qe8 32.Qxe8 Rdxe8 33.Nf3 Rd7 34.a4 a5 35.h4 Bf8 36.Rc4 Bg7
37.Rac1 Kb7 38.Kg2 Ree7 39.h5 Bf6 40.h6 Rh7 41.Rc6 Rxh6 42.Rxe6 Bg7 43.Rxh6 Bxh6
44.Rh1 Bg7 45.Rh4 Rd5 46.Rf4 b5 47.axb5 a4 48.Ne5 a3 49.Rf3 Rxd4 50.Rxa3 Bxe5
51.Rf3 f4 52.gxf4 Bxf4 53.Rb3 Kb6 54.f3 Bd6  0-1

[Event "ch-Balkan"]
[Site "Istanbul TUR"]
[Date "2002.12.12"]
[Round "4"]
[White "Olcayoz,A"]
[Black "Ipek,A"]
[Result "1-0"]
[WhiteElo "2310"]
[BlackElo "2249"]

1.d4 Nf6 2.c4 e6 3.Nf3 b6 4.g3 Ba6 5.Qa4 Bb7 6.Bg2 Be7 7.Nc3 O-O 8.O-O Ne4
9.Qc2 Nxc3 10.Qxc3 f5 11.b3 Bf6 12.Bb2 c5 13.Qd2 cxd4 14.Nxd4 Bxg2 15.Kxg2 Nc6
16.Rad1 Bxd4 17.Bxd4 Nxd4 18.Qxd4 Rf7 19.Rd3 Rc8 20.Rfd1 Rc7 21.Qe3 Qa8+
22.f3 h6 23.Qf4 Qb7 24.Qh4 Qc8 25.Rd6 Rc6 26.Rxc6 Qxc6 27.Qd8+ Kh7 28.Qe8 Kg6
29.h4 Qc7 30.h5+ Kf6 31.Rd3 Qe5 32.Qd8+ Re7 33.Qf8+ Rf7 34.Qd8+ Re7 35.Kf2 Qc5+
36.Kf1 Qc6 37.Qf8+ Rf7 38.Qd8+ Re7 39.Qf8+ Rf7 40.Qb8 Re7 41.Rd6 Qc5 42.Qf8+ Rf7
43.Qd8+ Ke5 44.Rxd7 Rxd7 45.Qxd7 Kf6 46.Qxa7 Qd6 47.Kg2 Qd4 48.Qc7 Qe3 49.Qd8+ Kf7
50.Qd7+ Kf6 51.Qd3 Qc5 52.Qc3+ Kf7 53.b4 Qc6 54.c5 bxc5 55.bxc5 Qa6 56.Qc2 Qc6
57.Qc4 Ke7 58.a4 Qc7 59.Qd4 Kf7 60.Qd6 Qa5 61.Qd7+ Kf6 62.Qb5 Qc3 63.a5 Qc1
64.a6 Qa3 65.c6 Qa2 66.c7  1-0

[Event "Salona Rapid 1hr"]
[Site "Solin-Spilt CRO"]
[Date "2002.12.12"]
[Round "1"]
[White "Romanishin,O"]
[Black "Kurajica,B"]
[Result "1/2-1/2"]
[WhiteElo "2562"]
[BlackElo "2548"]

1.d4 Nf6 2.c4 e6 3.Nf3 b6 4.g3 Ba6 5.Nbd2 d5 6.Bg2 Be7 7.O-O O-O 8.Ne5 c6
9.b3 Nfd7 10.Nd3 Bb7 11.Bb2 Na6 12.e4 dxe4 13.Nxe4 Qc7 14.Qe2 c5 15.Rad1 cxd4
16.Bxd4 Rad8 17.h4 Bxe4 18.Bxe4 Nac5 19.Bg2 Nxd3 20.Rxd3 Nc5 21.Rdd1 a5 22.Qb2 f6
23.Qe2 Kh8 24.Be3 e5 25.Rxd8 Rxd8 26.Rd1 Rf8 27.Rd5 f5 28.Bxc5 Bxc5 29.Qxe5 Qxe5
30.Rxe5 f4 31.gxf4 Rxf4 32.Re8+ Rf8 33.Re1  1/2-1/2

[Event "Winter Cup"]
[Site "Bucharest ROM"]
[Date "2002.12.13"]
[Round "13"]
[White "Manea,A"]
[Black "Hrzic,I"]
[Result "1/2-1/2"]
[WhiteElo "2307"]
[BlackElo "2302"]

1.d4 e6 2.Nf3 Nf6 3.c4 b6 4.g3 Ba6 5.Qa4 Be7 6.Bg2 Bb7 7.O-O O-O 8.Nc3 Ne4
9.Nxe4 Bxe4 10.Bf4 d6 11.Rfd1 Nd7 12.Rac1 Nf6 13.b4 Qb8 14.Bf1 a6 15.Nd2 b5
16.Qa5 Bc6 17.d5 Bd7 18.e4 Bd8 19.Qa3 e5 20.Bg5 a5 21.c5 axb4 22.Qxb4 Nxd5
23.exd5 Bxg5 24.c6 Bc8 25.Ra1 Ra4 26.Qxb5 Qa7 27.Kg2 e4 28.Be2 Bf6 29.Rab1 Rxa2
30.Qc4 Bf5 31.Rb7 Qa5 32.Nxe4 Ra4 33.Nxf6+ gxf6 34.Qb3 Be4+ 35.Bf3 f5 36.Qe3 f6
37.Bxe4 Rxe4 38.Qf3 Re5 39.Rd3 Rf7 40.Rb8+ Kg7 41.Rb1 Rfe7 42.Rbd1 Qc5 43.h4 Re8
44.h5 h6 45.Rd4 Ra8 46.R4d3 Ra2 47.R3d2 Ra3 48.Rd3 Ra4 49.Rb3 Rb4 50.Rxb4 Qxb4
51.Rd3 Qc4 52.Kh2 Kf7 53.Rb3 Qxd5 54.Qxd5+ Rxd5 55.Rb7 Rc5 56.Rxc7+ Ke6 57.Kg2 d5
58.Kf3 Kd6 59.Rf7 Ke6 60.Rh7 Rxc6 61.Rxh6 Rc3+ 62.Ke2 Rc2+ 63.Kf3 Rc3+ 64.Ke2 Rc2+
65.Kf3  1/2-1/2

[Event "20th Cairnhill Open"]
[Site "Singapore SIN"]
[Date "2002.12.14"]
[Round "5"]
[White "Paciencia,E"]
[Black "Shetty,R"]
[Result "1/2-1/2"]
[WhiteElo "2454"]
[BlackElo "2377"]

1.d4 Nf6 2.c4 e6 3.Nf3 b6 4.g3 Ba6 5.Qa4 Bb7 6.Bg2 c5 7.dxc5 Bxc5 8.O-O O-O
9.Nc3 Ne4 10.Qc2 Nxc3 11.Qxc3 d5 12.Rd1 Qc8 13.b3 Be7 14.Bb2 Bf6 15.Qc2 Nd7
16.Rac1 dxc4 17.Qb1 c3 18.Bxc3 Bxc3 19.Ng5 Nf6 20.Bxb7 Qxb7 21.Rxc3 h6 22.Nf3 Rac8
23.Rcd3 Qe4 24.Qb2 Rc5 25.b4 Rd5 26.Rxd5 Nxd5 27.Rd4 Qf5 28.Qa3 Qc2 29.Rd2 Qb1+
30.Kg2 Qxb4 31.Qxa7 Qe4 32.Qa6 Rd8 33.Kg1 Qb1+ 34.Kg2 Qe4  1/2-1/2

[Event "16th Masters"]
[Site "Clichy FRA"]
[Date "2002.12.15"]
[Round "2"]
[White "Gervasio,R"]
[Black "Aleksieva,S"]
[Result "1-0"]
[WhiteElo "2347"]
[BlackElo "2342"]

1.d4 Nf6 2.c4 e6 3.Nf3 b6 4.g3 Ba6 5.b3 Bb7 6.Bg2 Bb4+ 7.Bd2 a5 8.O-O O-O
9.Nc3 d6 10.a3 Bxc3 11.Bxc3 Nbd7 12.Qc2 Qc8 13.Rad1 Be4 14.Qb2 Qb7 15.Bh3 Bxf3
16.exf3 d5 17.Rfe1 Rfe8 18.a4 c6 19.Bf1 Nb8 20.Qd2 Na6 21.h4 Qe7 22.g4 Qf8
23.h5 h6 24.Bd3 Nb4 25.Bb1 Red8 26.Qe2 c5 27.f4 Qd6 28.Qf3 Nh7 29.g5 hxg5
30.Bxh7+ Kxh7 31.fxg5 Qe7 32.Qg4 Nc2 33.Re5 Nxd4 34.cxd5 Kg8 35.Bxd4 cxd4
36.Qxd4 Qd6 37.h6 Rac8 38.Rxe6 Qf8 39.Rxb6 gxh6 40.Rxh6 Qg7 41.Qxg7+ Kxg7
42.Rb6 Rc3 43.d6 Rd7 44.Rd5 f6 45.Rxa5 fxg5 46.Rxg5+ Kf6 47.Rg3  1-0

[Event "AIG Life rapid pl 9-12"]
[Site "Warsaw POL"]
[Date "2002.12.22"]
[Round "1"]
[White "Chernin,A"]
[Black "Fedorchuk,S"]
[Result "1-0"]
[WhiteElo "2573"]
[BlackElo "2564"]

1.d4 Nf6 2.c4 e6 3.Nf3 b6 4.g3 Ba6 5.b3 Bb4+ 6.Bd2 Be7 7.Bg2 c6 8.Bc3 d5
9.Ne5 Nfd7 10.Nxd7 Nxd7 11.Nd2 O-O 12.O-O Rc8 13.e4 b5 14.Re1 bxc4 15.bxc4 dxc4
16.Qa4 Bb5 17.Qc2 Ba6 18.Red1 Nb6 19.a4 Qc7 20.Nf1 Rfd8 21.Ne3 Nd7 22.Bf1 c5
23.d5 Ne5 24.Bxe5 Qxe5 25.Bxc4 Bxc4 26.Nxc4 Qc7 27.Rab1 exd5 28.Rxd5 Rxd5
29.exd5 Bf6 30.Qf5 Rd8 31.a5 Bd4 32.a6 g6 33.Qf3 Rb8 34.Re1 Qd7 35.Kg2 Kg7
36.h4 h5 37.d6 Qa4 38.Qd5 Qa2 39.Ne3 Qxd5+ 40.Nxd5 Rd8 41.Nc7 c4 42.Nb5 Bc5
43.Rd1 Rd7 44.Rc1 Kf6 45.Rxc4 Bxd6 46.Rc8 Ke7 47.Nd4 Ba3 48.Nb5 Bb4 49.Kf3 Ba5
50.Rb8 Bb4 51.Ke4 Bc5 52.f4 f5+ 53.Kf3 Rd3+ 54.Kg2 Ke6 55.Rc8 Rd2+ 56.Kf1 Bb6
57.Rc6+ Kf7 58.Nxa7 Rf2+ 59.Ke1 Bxa7 60.Rc7+ Ke6 61.Rxa7 Rf3 62.Ra8 Ra3 63.a7 Kf7
64.Rh8  1-0

[Event "AIG Life rapid QF1"]
[Site "Warsaw POL"]
[Date "2002.12.22"]
[Round "2"]
[White "Grabarczyk,M"]
[Black "Fedorchuk,S"]
[Result "0-1"]
[WhiteElo "2506"]
[BlackElo "2564"]

1.d4 Nf6 2.c4 e6 3.Nf3 b6 4.g3 Ba6 5.b3 Bb7 6.Bg2 Bb4+ 7.Bd2 a5 8.a3 Bxd2+
9.Qxd2 O-O 10.Nc3 Ne4 11.Nxe4 Bxe4 12.O-O d6 13.Rfd1 Nd7 14.Qe3 Bb7 15.Rac1 Qe7
16.Qd3 f5 17.Ne1 Bxg2 18.Nxg2 e5 19.dxe5 Nxe5 20.Qd5+ Kh8 21.Nf4 Rae8 22.h4 Ng4
23.Qf3 Nf6 24.b4 axb4 25.axb4 Ne4 26.b5 Qf7 27.Nd5 Ra8 28.Ra1 g6 29.Ra6 Qg7
30.Qa3 Rae8 31.Ra7 Rf7 32.Qa1 Qxa1 33.Raxa1 Nf6 34.Nxf6 Rxf6 35.e3 Re5 36.Rd5 Rfe6
37.Ra8+ Kg7 38.Ra7 Re7 39.Rxe5 dxe5 40.c5 Kf6 41.cxb6 cxb6 42.Ra6 Rb7 43.Ra8 Rd7
44.Rc8 Ke6 45.Kg2 Kd5 46.Kf3 h5 47.e4+ fxe4+ 48.Ke3 Rd6 49.Rc7 Rf6 50.Ke2 Rd6
51.Rc8 Kd4 52.Rc6 Kd5 53.Rc8 Kd4 54.Rc7 Rd5 55.Rc6 Rxb5 56.Rxg6 Rb2+ 57.Ke1 e3
58.fxe3+ Kxe3 59.Kd1 e4 60.g4 hxg4 61.Rxg4 Kd3 62.Kc1 Rh2 63.Rg6 Rh1+ 64.Kb2 e3
65.Rd6+ Ke2 66.Rxb6 Rxh4 67.Kc3 Rh8 68.Rf6 Rd8 69.Rh6 Kf2 70.Rh2+ Kg3 71.Rh8 e2
72.Rxd8 e1=Q+ 73.Rd2 Kf3 74.Kc2 Ke4 75.Rd1 Qe2+ 76.Rd2 Qc4+ 77.Kb2 Ke3 78.Rc2 Qb4+
79.Ka2 Kd3 80.Rb2 Qa4+ 81.Kb1 Kc3 82.Rb8 Qd1+ 83.Ka2 Qe2+ 84.Kb1 Qf1+ 85.Ka2 Qf2+
86.Kb1 Qg1+  0-1